| 000 | 01568cam a22003857a 4500 | ||
|---|---|---|---|
| 003 | CHAP | ||
| 005 | 20220817043756.0 | ||
| 008 | 010605d1992 mx a r 00110 spa d | ||
| 010 | _a84068 | ||
| 011 | _a85040 | ||
| 035 | _a95570 | ||
| 040 | _cCHAP | ||
| 082 | 0 | 4 |
_a338.972 _bO3 |
| 110 | 0 |
_aOaxaca. Gobierno del Estado _982490 |
|
| 245 | 1 | 0 |
_aDel Oaxaca mágico : _bal encuentro con la modernidad _c/por Gobierno del Estado de Oaxaca |
| 260 |
_aMéxico, D.F. : _bGobierno del estado de Oaxaca, _c1992. |
||
| 300 |
_av. : _bilus. |
||
| 500 | _aLa biblioteca tiene : v.1 La doctrina.--v.2 Informes regionales.--v.3 Marco legislativo.--v.4 Resumen estadístico.--v.5 Resumen general | ||
| 590 |
_aBATCH-UPD _b10 _c20130110 _lUCH01 _h0859 |
||
| 590 |
_aBATCH-UPD _b10 _c20130410 _lUCH01 _h0528 |
||
| 590 |
_aBATCH-UPD _b10 _c20130914 _lUCH01 _h0049 |
||
| 590 |
_aCONVERSION _b10 _c20130109 _lUCH01 _h1347 |
||
| 650 | 1 | 4 |
_aAgricultura _xOaxaca. _91756 |
| 650 | 1 | 4 | _aDesarrollo económico. |
| 650 | 1 | 4 |
_aOaxaca _xCondiciones sociales. _982478 |
| 650 | 1 | 4 |
_aOaxaca _xPolítica y gobierno. _982487 |
| 901 | _aBK | ||
| 905 | _aLilia Sánchez G. | ||
| 942 | _cLIBRO | ||
| 949 |
_a338.972 O3 _bBC _cLIBRO _d33724000820767 _eLIBRO _fv.2 _h10088 _i95570 _si |
||
| 949 |
_a338.972 O3 _bBC _cLIBRO _d33724000820825 _eLIBRO _fv.1 _h10087 _i95570 _si |
||
| 949 |
_a338.972 O3 _bBC _cLIBRO _d33724000820882 _eLIBRO _fv.3 _h10089 _i95570 _si |
||
| 949 |
_a338.972 O3 _bBC _cLIBRO _d33724000823886 _eLIBRO _fv.4 _h10090 _i95570 _si |
||
| 949 |
_a338.972 O3 _bBC _cLIBRO _d33724000823944 _eLIBRO _fv.5 _h10091 _i95570 _si |
||
| 999 |
_c84068 _d84068 |
||